|
|
|
|
| LEADER |
01142nam a2200301 i 4500 |
| 001 |
39514 |
| 003 |
BD-DhAAL |
| 008 |
220904r19761974enk bs 001 0 eng d |
| 999 |
|
|
|c 44900
|d 44900
|
| 020 |
|
|
|a 0140809074
|
| 040 |
|
|
|a DLC
|c DLC
|d DLC
|d BD-DhAAL
|
| 050 |
0 |
0 |
|a HB501
|b .B354
|
| 082 |
0 |
0 |
|a 338.91
|
| 100 |
2 |
|
|a Barratt Brown, Michael.
|9 51242
|
| 245 |
1 |
4 |
|a The economics of imperialism /
|c Michael Barratt Brown.
|
| 260 |
|
|
|a Harmondsworth :
|b Penguin Education,
|c 1974 [reprinted 1976].
|
| 300 |
|
|
|a 380 pages ;
|c 18 cm.
|
| 490 |
0 |
|
|a Penguin modern economics texts : political economy
|
| 490 |
0 |
|
|a Penguin education
|
| 504 |
|
|
|a Includes bibliographical references (pages 331-349) and index.
|
| 541 |
|
|
|a Donated By Akbar Ali Khan
|e 39514
|
| 650 |
|
0 |
|a Capitalism.
|9 51243
|
| 650 |
|
0 |
|a Imperialism.
|9 51244
|
| 650 |
|
0 |
|a Marxian economics.
|9 51245
|
| 650 |
|
0 |
|a Economics.
|9 51246
|
| 852 |
|
|
|a Ayesha Abed Library
|c Akbar Ali Khan Collection
|
| 942 |
|
|
|2 ddc
|c BK
|
| 952 |
|
|
|0 0
|1 0
|2 ddc
|4 0
|6 338_910000000000000_BAR
|7 1
|9 71779
|a BRACUL
|b BRACUL
|c AAKC
|d 2022-09-04
|e Donated by Akbar Ali Khan
|l 0
|o 338.91 BAR
|p 3010039514
|r 2022-09-04
|t 1
|w 2022-09-04
|y BK
|